000 00774nam a2200229Ia 4500
003 GCL
008 140319s9999 xx 000 0 ara d
040 _aGCL /
_cGCL
082 0 4 _a953.071
_bا ت
100 1 _aالسيد عبدالعزيز سالم
245 1 0 _aتاريخ مدينة المرية الاسلامية قاعدة اسطول الاندلس /
_cالسيد عبدالعزيز سالم
260 _a[S.N] :
_bمؤسسة شباب الجامعة ،
_c1984
300 _a206 ص
490 _a
650 0 4 _aالاندلس
650 0 4 _aالتاريخ الاسلامى
650 0 4 _aالمدن الاسلامية
650 0 4 _aالبحرية الاسلامية
650 0 4 _aالمرية
650 0 4 _aالعرب فى الاندلس
942 _2ddc
_cBK
999 _c30312
_d30312